000 01714nam0a2200349 4500
001 RU\NLR\bibl\1195204
005 20260408191810.0
021 _aRU
_b2008-632
_932
035 _a(NLR Aleph) 001181729
090 _a1661652
_c1661652
100 _a20080303d2007 |||y0rusy50 ca
101 0 _arus
102 _aRU
105 _aa |||||||||
200 1 _aП. А. Флоренский. Личность и творчество
_eк 125-летию со дня рождения
_eбиобиблиографический указатель
_fМУК "Сергиево-Посад. ЦСБ", Сергиево-Посад. Центр. район. б-ка им. В.В. Розанова
_g[сост.: Красавцева Е.Б., Дыркова Н.А.
_gред.: Гимова Ю.Е.]
210 _aСергиев Посад
_c[б. и.]
_d2007
215 _a94, [1] с.
_cил.
_d20
320 _aИмен. указ.: с. 87-94
600 1 _aФлоренский
_bП.А.
_gПавел Александрович
_f1882 - 1937
_jБиобиблиография
_3RU\NLR\auth\661282892
_92125297
686 _aЮ3(2)6-678я1
702 1 _aКрасавцева
_bЕ. Б.
_4220
702 1 _aГимова
_bЮ. Е.
_4340
702 1 _4570
_8rus
_7ca
_aФлоренский
_bП. А.
_f1882-1937
_gПавел Александрович
_3RU\NLR\auth\777819
_9117746
712 0 2 _4570
_aСергиево-Посадская центральная районная библиотека им. В. В. Розанова
_3RU\NLR\AUTH\8810034413
_9567135
801 0 _aRU
_bNLR
_c20080303
_gRCR
801 1 _aRU
_bNLR
_c20080303
942 _cBOOK
980 _aNB
980 _aNBR